A bird that can transmit (Record no. 71999)

MARC details
000 -LEADER
fixed length control field 01224cam a2200205 4500
001 - CONTROL NUMBER
control field ABS666396
008 - FIXED-LENGTH DATA ELEMENTS--GENERAL INFORMATION
fixed length control field 030129n2003 000 0 eng u
035 ## - SYSTEM CONTROL NUMBER
System control number (Sirsi) u121171
100 ## - MAIN ENTRY--PERSONAL NAME
Personal name Tinworth, A.
245 #2 - TITLE STATEMENT
Title A bird that can transmit
260 ## - PUBLICATION, DISTRIBUTION, ETC.
Date of publication, distribution, etc. 2003
490 ## - SERIES STATEMENT
Series statement Estates Gazette
Volume/sequential designation (0303) 18 January 2003, 114(1)
520 ## - SUMMARY, ETC.
Summary, etc. Explains the technology behind the fact that shoppers underground in the retail malls of Canary Wharf are able to use their mobile phones. The signal is maintained by a proliferation of aerials in the ceiling, a result of a deal between NTL and Canary Wharf, that are arranged in a network connected to electronics housed in a cage behind the shops. Space on the network is leased to the mobile phone operators by NTL, enabling shoppers to use their mobile phones without leaving the shopping centre. Other shopping centres such as Bluewater have this arrangement to allow mobile phone operators to provide a service where otherwise the signal would be lost in the welter of walls, facades and goods.
590 ## - LOCAL NOTE (RLIN)
Local note ABS
650 ## - SUBJECT ADDED ENTRY--TOPICAL TERM
Topical term or geographic name entry element SHOPPING CENTRES
650 ## - SUBJECT ADDED ENTRY--TOPICAL TERM
Topical term or geographic name entry element TELECOMMUNICATIONS
650 ## - SUBJECT ADDED ENTRY--TOPICAL TERM
Topical term or geographic name entry element MOBILE PHONE COMPANIES
690 ## - LOCAL SUBJECT ADDED ENTRY--TOPICAL TERM (OCLC, RLIN)
Topical term or geographic name as entry element TRANSPORT AND COMMUNICATIONS
942 ## - ADDED ENTRY ELEMENTS (KOHA)
Suppress in OPAC 0
Holdings
Withdrawn status Lost status Source of classification or shelving scheme Damaged status Not for loan Home library Current library Shelving location Date acquired Total Checkouts Full call number Barcode Date last seen Copy number Price effective from Koha item type
    Dewey Decimal Classification     London London Journal article 29/01/2003   ABS66396 121171-1001 06/08/2019 1 06/08/2019 Journal article